[Event "Ghent op 43rd"]
[Site "Ghent"]
[Date "2022.07.24"]
[Round "9"]
[White "McMichael, Richard"]
[Black "Stone, Andrew M"]
[Result "1/2-1/2"]
[WhiteElo "2139"]
[BlackElo "2096"]
[PlyCount "92"]
[EventDate "2022.07.20"]
[EventType "swiss"]
[EventRounds "9"]
[EventCountry "BEL"]
[SourceTitle "CBM 209 Extra"]
[Source "ChessBase"]
[SourceDate "2022.09.30"]
[SourceVersion "1"]
[SourceVersionDate "2022.09.30"]
[SourceQuality "1"]

1. f4 d5 2. Nf3 Nc6 3. e3 Bg4 4. d4 e6 5. Nbd2 Nf6 6. Be2 Bd6 7. 0-0 Ne7 8. Qe1 0-0 9. h3 Bf5 10. c3 c5 11. Ne5 h6 12. Bf3 Bh7 13. g4 Rc8 14. Rf2 Ne4 15. Nxe4 dxe4 16. Be2 Nd5 17. Bf1 Be7 18. Rg2 Bh4 19. Qe2 f6 20. Nc4 b5 21. Na3 b4 22. Nc4 bxc3 23. dxc5 Rxc5 24. b3 Rc6 25. Ba3 Rf7 26. Qc2 Rd7 27. Re2 g5 28. fxg5 Bxg5 29. Bg2 Rxc4 30. bxc4 Nxe3 31. Qxc3 Nxg2 32. Kxg2 Rd3 33. Qb4 e3 34. Rf1 Be4+ 35. Kg1 Qc7 36. Qf8+ Kh7 37. Qe7+ Qxe7 38. Bxe7 Rd2 39. Rfe1 Rxe2 40. Rxe2 Bd3 41. Re1 Bxc4 42. Bc5 e2 43. Bf2 Bd2 44. Rb1 Bd3 45. Ra1 e5 46. Be1 Be3+ 1/2-1/2

[Event "Ghent op 43rd"]
[Site "Ghent"]
[Date "2022.07.23"]
[Round "8"]
[White "Stone, Andrew M"]
[Black "Bulthuis, Jelle"]
[Result "1/2-1/2"]
[WhiteElo "2096"]
[BlackElo "1980"]
[PlyCount "27"]
[EventDate "2022.07.20"]
[EventType "swiss"]
[EventRounds "9"]
[EventCountry "BEL"]
[SourceTitle "CBM 209 Extra"]
[Source "ChessBase"]
[SourceDate "2022.09.30"]
[SourceVersion "1"]
[SourceVersionDate "2022.09.30"]
[SourceQuality "1"]

1. Nf3 d5 2. c4 d4 3. b4 f6 4. e3 e5 5. c5 a5 6. Qa4+ Bd7 7. b5 Bxc5 8. Bc4 Ne7 9. exd4 exd4 10. Ba3 Na6 11. 0-0 Nb4 12. Nc3 Bf5 13. Rac1 b6 14. Ne2 1/2-1/2

[Event "Ghent Eastman op 41st"]
[Site "Ghent"]
[Date "2018.07.17"]
[Round "8"]
[White "Stone, Andrew M"]
[Black "Vermaat, Marcel"]
[Result "0-1"]
[WhiteElo "2157"]
[BlackElo "2138"]
[PlyCount "55"]
[EventDate "2018.07.14"]
[EventType "swiss"]
[EventRounds "9"]
[EventCountry "BEL"]
[SourceTitle "CBM 185 Extra"]
[Source "ChessBase"]
[SourceDate "2018.07.29"]
[SourceVersion "1"]
[SourceVersionDate "2018.07.29"]
[SourceQuality "1"]

1. c4 Nf6 2. Nc3 g6 3. g3 Bg7 4. Bg2 0-0 5. d4 d6 6. Nf3 Nbd7 7. 0-0 a6 8. Qc2 Rb8 9. a4 c5 10. Rd1 cxd4 11. Nxd4 Qc7 12. Nd5 Nxd5 13. cxd5 Qxc2 14. Nxc2 Nc5 15. Ra3 Bd7 16. a5 Ba4 17. Rd2 Rfc8 18. Na1 Bd7 19. Rc2 Na4 20. b3 Nc3 21. Bg5 Rc7 22. Bxe7 Bb5 23. Bxd6 Nxe2+ 24. Kh1 Rxc2 25. Nxc2 Rc8 26. Ra2 Nc1 27. Bh3 f5 28. Ra1 0-1

[Event "Ghent Eastman op 41st"]
[Site "Ghent"]
[Date "2018.07.16"]
[Round "6"]
[White "Stone, Andrew M"]
[Black "Schelvis, Richard"]
[Result "1-0"]
[WhiteElo "2157"]
[BlackElo "2100"]
[PlyCount "115"]
[EventDate "2018.07.14"]
[EventType "swiss"]
[EventRounds "9"]
[EventCountry "BEL"]
[SourceTitle "CBM 185 Extra"]
[Source "ChessBase"]
[SourceDate "2018.07.29"]
[SourceVersion "1"]
[SourceVersionDate "2018.07.29"]
[SourceQuality "1"]

1. c4 Nf6 2. Nc3 e5 3. Nf3 Nc6 4. e3 h6 5. d4 exd4 6. Nxd4 Nxd4 7. Qxd4 Bb4 8. a3 Bxc3+ 9. Qxc3 0-0 10. b4 d5 11. Bb2 Be6 12. Rd1 c6 13. cxd5 Bxd5 14. Bc4 Qe7 15. Bxd5 cxd5 16. 0-0 Rac8 17. Qe5 Qe6 18. Qg3 Rc2 19. Bxf6 Qxf6 20. Rxd5 Rfc8 21. Rfd1 Ra2 22. Rd6 Ra1 23. h3 Qc3 24. Qg4 Rxd1+ 25. Rxd1 Rc7 26. Rd8+ Kh7 27. Qe4+ g6 28. Qd4 g5 29. Rh8+ Kg6 30. Rg8+ Kh7 31. Rg7+ Kh8 32. Qxc3 Rxc3 33. Rxf7 Rxa3 34. Rxb7 a6 35. Kh2 Rb3 36. Rb6 Kg7 37. g4 Rb2 38. Kg3 Rb3 39. h4 gxh4+ 40. Kxh4 Rb1 41. Kg3 Rb3 42. Kf4 Ra3 43. Kf5 a5 44. Rb7+ Kf8 45. bxa5 Rxa5+ 46. Kf4 h5 47. gxh5 Rxh5 48. e4 Ra5 49. e5 Ra6 50. Kf5 Rc6 51. f4 Rh6 52. e6 Rh5+ 53. Kg6 Rh2 54. f5 Ke8 55. f6 Rg2+ 56. Kh5 Rh2+ 57. Kg4 Rf2 58. Rb8# 1-0

[Event "London Classic op"]
[Site "London"]
[Date "2017.12.09"]
[Round "9"]
[White "Stone, Andrew M"]
[Black "Beinoras, Mindaugas"]
[Result "0-1"]
[WhiteElo "2170"]
[BlackElo "2353"]
[PlyCount "64"]
[EventDate "2017.12.02"]
[EventType "swiss"]
[EventRounds "9"]
[EventCountry "ENG"]
[SourceTitle "CBM 182 Extra"]
[Source "ChessBase"]
[SourceDate "2018.02.23"]
[SourceVersion "1"]
[SourceVersionDate "2018.02.23"]
[SourceQuality "1"]

1. c4 e5 2. Nc3 Nf6 3. Nf3 Nc6 4. e3 Bb4 5. Qc2 0-0 6. Nd5 a5 7. Bd3 g6 8. b3 Re8 9. Bb2 a4 10. bxa4 Bf8 11. Nxf6+ Qxf6 12. a3 d6 13. 0-0 Qe7 14. Be4 Bd7 15. d3 Nd8 16. c5 Bxa4 17. Qd2 c6 18. cxd6 Qxd6 19. Ne1 Ne6 20. Bf3 Bg7 21. Be2 Rad8 22. Nc2 Nc5 23. Rad1 Nb3 24. Qc3 Qc5 25. Nb4 Qxc3 26. Bxc3 Nc5 27. Rd2 Bb5 28. Bb2 Nb3 29. Rc2 c5 30. Rc3 Ba4 31. Na2 e4 32. dxe4 Rd2 0-1

[Event "London Classic op"]
[Site "London"]
[Date "2017.12.05"]
[Round "5"]
[White "Sielicki, Tomasz"]
[Black "Stone, Andrew M"]
[Result "1/2-1/2"]
[WhiteElo "2001"]
[BlackElo "2170"]
[PlyCount "38"]
[EventDate "2017.12.02"]
[EventType "swiss"]
[EventRounds "9"]
[EventCountry "ENG"]
[SourceTitle "CBM 182 Extra"]
[Source "ChessBase"]
[SourceDate "2018.02.23"]
[SourceVersion "1"]
[SourceVersionDate "2018.02.23"]
[SourceQuality "1"]

1. d4 d5 2. Bg5 h6 3. Bh4 c5 4. dxc5 g5 5. Bg3 Bg7 6. c3 Nc6 7. e3 e5 8. Nd2 f5 9. f4 Qe7 10. Qe2 Qxc5 11. Ngf3 e4 12. Nd4 g4 13. Bh4 Nge7 14. N2b3 Qd6 15. Bxe7 Kxe7 16. Qb5 a6 17. Qb6 Nxd4 18. Qxd6+ Kxd6 19. Nxd4 Bxd4 1/2-1/2

[Event "London Classic op"]
[Site "London"]
[Date "2017.12.04"]
[Round "4"]
[White "Stone, Andrew M"]
[Black "De Coverly, Roger D"]
[Result "1/2-1/2"]
[WhiteElo "2170"]
[BlackElo "1921"]
[PlyCount "49"]
[EventDate "2017.12.02"]
[EventType "swiss"]
[EventRounds "9"]
[EventCountry "ENG"]
[SourceTitle "CBM 182 Extra"]
[Source "ChessBase"]
[SourceDate "2018.02.23"]
[SourceVersion "1"]
[SourceVersionDate "2018.02.23"]
[SourceQuality "1"]

1. c4 Nf6 2. Nc3 d5 3. cxd5 Nxd5 4. Nf3 g6 5. e4 Nxc3 6. dxc3 Qxd1+ 7. Kxd1 Bg7 8. Bf4 c6 9. h3 Nd7 10. Kc2 0-0 11. Be3 a5 12. a4 h6 13. Nd2 Nf6 14. Bd3 Be6 15. Rhe1 Rfc8 16. f3 g5 17. Bc4 Bd7 18. Nb3 b5 19. Bf1 Be8 20. Nc5 Nd7 21. Nxd7 Bxd7 22. Red1 Be8 23. Bc5 e6 24. Rd2 Be5 25. Be2 1/2-1/2

[Event "Bruges Masters op"]
[Site "Bruges"]
[Date "2017.08.16"]
[Round "7"]
[White "Lai, Hing Ting"]
[Black "Stone, Andrew M"]
[Result "1-0"]
[WhiteElo "2388"]
[BlackElo "2153"]
[PlyCount "141"]
[EventDate "2017.08.13"]
[EventType "swiss"]
[EventRounds "9"]
[EventCountry "BEL"]
[SourceTitle "CBM 180 Extra"]
[Source "ChessBase"]
[SourceDate "2017.10.06"]
[SourceVersion "1"]
[SourceVersionDate "2017.10.06"]
[SourceQuality "1"]

1. Nf3 d5 2. g3 c6 3. Bg2 Bg4 4. 0-0 e6 5. d4 Nd7 6. Nbd2 Ngf6 7. b3 Be7 8. Bb2 0-0 9. c4 b5 10. c5 a5 11. a3 Bh5 12. Ne1 h6 13. Nd3 Bg6 14. Rc1 Bh7 15. f3 Ne8 16. Kh1 Nc7 17. Qe1 Re8 18. e4 Bf6 19. Ne5 Nxe5 20. dxe5 Be7 21. f4 f5 22. exf6 Bxf6 23. e5 Be7 24. Nf3 Qd7 25. Nd4 Rf8 26. Qe2 a4 27. b4 Rf7 28. Bf3 Raf8 29. h4 g5 30. Bh5 Be4+ 31. Kh2 Rg7 32. fxg5 hxg5 33. hxg5 Rxg5 34. g4 Rg7 35. Rxf8+ Kxf8 36. Rf1+ Kg8 37. Qf2 Bd3 38. Ne2 Bxe2 39. Qxe2 Bg5 40. Bd4 Qe7 41. Kg2 Ne8 42. Qd3 Bh6 43. Kh3 Bg5 44. Rf3 Rh7 45. Qg6+ Ng7 46. Rf6 Bc1 47. Kg2 Rh6 48. Qf7+ Qxf7 49. Bxf7+ Kh7 50. Rf3 Bg5 51. Be3 Bxe3 52. Rxe3 Rh4 53. Rh3 Rxh3 54. Kxh3 d4 55. Kg3 d3 56. Kf3 d2 57. Ke2 Kh6 58. Kxd2 Kg5 59. Kd3 Kxg4 60. Bg6 Nf5 61. Be8 Ne7 62. Ke4 Kg5 63. Bd7 Kg6 64. Bxe6 Kg5 65. Bf7 Nc8 66. Be8 Ne7 67. Bd7 Kg6 68. Kf4 Kf7 69. Kg5 Kg7 70. e6 Kf8 71. Kf6 1-0

[Event "Ghent Taminco op 39th"]
[Site "Ghent"]
[Date "2016.07.20"]
[Round "9"]
[White "Stone, Andrew M"]
[Black "De Jong, Jasper"]
[Result "1/2-1/2"]
[WhiteElo "2208"]
[BlackElo "2138"]
[PlyCount "41"]
[EventDate "2016.07.16"]
[EventType "swiss"]
[EventRounds "9"]
[EventCountry "BEL"]
[SourceTitle "CBM 173 Extra"]
[Source "ChessBase"]
[SourceDate "2016.08.29"]
[SourceVersion "1"]
[SourceVersionDate "2016.08.29"]
[SourceQuality "1"]

1. c4 e6 2. g3 d5 3. Bg2 Nf6 4. Nf3 c6 5. b3 b5 6. Qc2 Bd6 7. Bb2 0-0 8. 0-0 bxc4 9. bxc4 Nbd7 10. d4 Ba6 11. Nbd2 Qc7 12. Rfc1 Rfc8 13. e4 Nxe4 14. Nxe4 dxe4 15. Ng5 Be7 16. Nxe4 Nb6 17. a4 Nxc4 18. Bf1 Rcb8 19. Bxc4 Bxc4 20. Qxc4 Rxb2 21. Qxc6 1/2-1/2

[Event "Ghent Taminco op 38th"]
[Site "Ghent"]
[Date "2015.07.21"]
[Round "8"]
[White "Stone, Andrew M"]
[Black "Robert, Pierre"]
[Result "1-0"]
[WhiteElo "2209"]
[BlackElo "2106"]
[PlyCount "63"]
[EventDate "2015.07.18"]
[EventType "swiss"]
[EventRounds "9"]
[EventCountry "BEL"]
[SourceTitle "CBM 167 Extra"]
[Source "ChessBase"]
[SourceDate "2015.09.14"]
[SourceVersion "1"]
[SourceVersionDate "2015.09.14"]
[SourceQuality "1"]

1. c4 Nf6 2. g3 g6 3. Bg2 Bg7 4. Nc3 d6 5. d4 0-0 6. Nf3 Nbd7 7. 0-0 e5 8. e4 c6 9. h3 Qb6 10. d5 Nc5 11. Re1 cxd5 12. cxd5 Bd7 13. Bf1 Rac8 14. Nd2 Ne8 15. Nc4 Qd8 16. b4 Na6 17. Qb3 f5 18. Na5 Qb6 19. Nc6 Rf7 20. Be3 Qc7 21. Nb5 bxc6 22. Nxc7 Naxc7 23. dxc6 Be6 24. Bc4 Bxc4 25. Qxc4 fxe4 26. Qxe4 d5 27. Qg4 Rd8 28. Bxa7 Nf6 29. Qe2 Ne4 30. a4 Nc3 31. Qd2 d4 32. b5 1-0

[Event "Ghent Taminco op 38th"]
[Site "Ghent"]
[Date "2015.07.19"]
[Round "4"]
[White "Docx, Stefan"]
[Black "Stone, Andrew M"]
[Result "1-0"]
[WhiteElo "2417"]
[BlackElo "2209"]
[PlyCount "96"]
[EventDate "2015.07.18"]
[EventType "swiss"]
[EventRounds "9"]
[EventCountry "BEL"]
[SourceTitle "CBM 167 Extra"]
[Source "ChessBase"]
[SourceDate "2015.09.14"]
[SourceVersion "1"]
[SourceVersionDate "2015.09.14"]
[SourceQuality "1"]

1. d4 Nf6 2. c4 e6 3. Nc3 Bb4 4. e3 0-0 5. Nge2 d5 6. a3 Bd6 7. Ng3 c6 8. e4 Nxe4 9. Ncxe4 dxe4 10. Nxe4 Be7 11. Be2 f5 12. Nc3 Bf6 13. Be3 f4 14. Bxf4 Bxd4 15. Bg3 e5 16. 0-0 Be6 17. Bd3 Nd7 18. Qc2 h6 19. Ne2 Bb6 20. Rad1 Qe7 21. b4 Bg4 22. c5 Bxe2 23. Bxe2 Bc7 24. Bh4 Nf6 25. Bc4+ Kh8 26. Rfe1 Rae8 27. Qg6 e4 28. f3 Qe5 29. Bg3 Qc3 30. Bxc7 Qxc4 31. Bd6 Rg8 32. f4 Nd7 33. Qf5 Qe6 34. Qxe6 Rxe6 35. Rd4 Nf6 36. Be5 Rge8 37. h3 h5 38. Kf2 h4 39. Red1 Kh7 40. Rd6 Nd5 41. b5 g5 42. Rd7+ R6e7 43. bxc6 bxc6 44. Rxe7+ Rxe7 45. Bd6 Rf7 46. Rxd5 cxd5 47. c6 Rg7 48. f5 Rg8 1-0

[Event "Schwarzach op 29th"]
[Site "Schwarzach"]
[Date "2014.08.16"]
[Round "1"]
[White "Stone, Andrew M"]
[Black "Jovanovic, Zoran"]
[Result "1/2-1/2"]
[WhiteElo "2204"]
[BlackElo "2560"]
[PlyCount "55"]
[EventDate "2014.08.16"]
[EventType "swiss"]
[EventRounds "9"]
[EventCountry "AUT"]
[SourceTitle "CBM 162 Extra"]
[Source "ChessBase"]
[SourceDate "2014.10.17"]
[SourceVersion "1"]
[SourceVersionDate "2014.10.17"]
[SourceQuality "1"]

1. c4 d6 2. g3 g6 3. Bg2 Bg7 4. Nf3 c5 5. d4 Nc6 6. d5 Na5 7. 0-0 a6 8. Qc2 b5 9. Nbd2 Nf6 10. e4 0-0 11. a3 bxc4 12. Nxc4 Nxc4 13. Qxc4 a5 14. Re1 Nd7 15. Qc2 Ba6 16. Bd2 Qb6 17. Bc3 Rfb8 18. e5 Qb3 19. Qd2 dxe5 20. Nxe5 Nxe5 21. Bxe5 Bxe5 22. Rxe5 Qxb2 23. Qxb2 Rxb2 24. Rxe7 Rd8 25. Rc7 c4 26. Rc6 Bb5 27. Rc5 a4 28. Bf1 1/2-1/2